Súčasný stav digitalizácie služieb verejnej správy a ich využitie podnikateľskými subjektmi vo vybraných krajinách EÚ
Zvýšenie efektivity verejnej správy, ale aj oblasti ako napríklad, elektronické podnikanie, zdravotná starostlivosť, starostlivosť o životné prostredie a ďalšie. Využitie elektronických služieb verejnej správy podnikateľskými subjektmi.
Enregistré dans:
| Auteur principal: | |
|---|---|
| Autres auteurs: | |
| Format: | Chapitre de livre |
| Langue: | slovaque |
| Sujets: | |
| Tags: |
Pas de tags, Soyez le premier à ajouter un tag!
|
MARC
| LEADER | 00000nla a2200000 4500 | ||
|---|---|---|---|
| 001 | 0164076 | ||
| 005 | 20240502072845.7 | ||
| 041 | 0 | |a slo | |
| 044 | |a SK | ||
| 245 | 1 | 0 | |a Súčasný stav digitalizácie služieb verejnej správy a ich využitie podnikateľskými subjektmi vo vybraných krajinách EÚ |c Dana Benešová, Kristína Kelemenová |
| 520 | |a Zvýšenie efektivity verejnej správy, ale aj oblasti ako napríklad, elektronické podnikanie, zdravotná starostlivosť, starostlivosť o životné prostredie a ďalšie. Využitie elektronických služieb verejnej správy podnikateľskými subjektmi. | ||
| 610 | 2 | 0 | |a správa verejná elektronická |
| 610 | 2 | 0 | |a digitalizácia |
| 610 | 2 | 0 | |a informatizácia |
| 610 | 2 | 0 | |a Európska únia |
| 610 | 2 | 0 | |a technológie informačné |
| 610 | 2 | 0 | |a technológie komunikačné |
| 100 | 1 | |a Benešová, Dana, 1958- | |
| 700 | 1 | |a Kelemenová, Kristína | |